|
|
|
|
| LEADER |
00000nam a2200000 a 4500 |
| 001 |
vtls001309305 |
| 003 |
SK-MaSNL |
| 005 |
20260301065334.0 |
| 008 |
251113s1988 xr 0 cze |
| 035 |
|
|
|a SNK000261630
|
| 040 |
|
|
|a SNK
|b slo
|c SNK
|e AACR2
|
| 044 |
|
|
|a xr
|c CZ
|
| 100 |
1 |
|
|a Pondělík, Josef,
|d 1920-1986
|4 aut
|9 108308
|
| 245 |
1 |
0 |
|a Bican - pět tisíc gólů
|c Josef Pondělík
|
| 250 |
|
|
|a 4. dop. vyd.
|
| 260 |
|
|
|a Praha
|b Olympia
|c 1988
|
| 300 |
|
|
|a 239, [1] s., 34 fot. na příl.
|c 8°
|
| 490 |
1 |
|
|a Olymp
|
| 830 |
|
0 |
|a Olymp
|9 383318
|
| 958 |
|
|
|a OND
|
| 999 |
|
|
|c 630346
|d 632276
|
| 952 |
|
|
|t P60, <04>, [BOOK], {604}
|a SNK
|b SNK
|y VYP
|7 0
|o snkSC 74591 D1
|i snkKIP 6780/89
|0 0
|1 0
|4 0
|d 1997-11-06
|l 0
|r 2005-01-02 00:00:00
|w 2026-02-23
|
| 952 |
|
|
|t P60, <03>, [BOOK], {603}
|a SNK
|b SNK
|y PREZ
|7 0
|p 17A0997010
|o snkSC 74591
|i snkKIP 6779/89
|0 0
|1 0
|4 0
|d 1997-11-06
|l 0
|r 2025-07-31 00:00:00
|w 2026-02-23
|